=LDR 00000nam 2200000 4500 =001 INLIS000000000007285 =005 20200311112729 =035 ##$$a 0010-061300000007285 =008 200311###########################0###### =041 ##$$a Ind =082 ##$$a 2X0 =090 ##$$a 005.369, Har s =100 ##$$a Purwantane =245 1#$$a Seluk beluk filsafat Islam, Drs. Purwantane, Drs. A. Ahmadi, MA., Rosadi =260 ##$$a 1988 :$b Bandung =300 ##$$a 256 hlm., 21 cm =650 #4$$a Islam-Filsafat =850 ##$$a NBPNMAT =700 #$$a Ahmadi =990 ##$$a 39.989/pRO-91 =990 ##$$a 00052153